00868 2200277 4500001002100000005001700021008004100038020002200079035002500101040001200126082001400138090001800152100003000170245016400200250001100364260003700375300003200412650002100444700001500465700002200480700002200502850001200524990001800536990001800554990001800572INLIS00000000001973220160504143300.0  a978-602-242-719-3 a0010-051600000000166 aYOPDYOG 223a398.2 aK 398.2 Nad D aNADA Nadzira Ayasha Kamal aDiari Arcitac/ Elizabeth crary; Ilustrasi, Marina/ Nada Nadzira Ayasha Kamal; Penyunting, Yulia Nurul Irwan [at.all]; Ilustrasi, Dhea Citra, Karisma Mulyawati aCet. 1 aBandungbMizan Media Utamac2015 a108 hlm.b; Ilus.c: 21 cm. aBacaan anak-anak aDHEA Citra aKARISMA Mulyawati aYULIA Nurul Irwan aYOPDYOG a27697-PD/B.15 a27698-PD/B.15 a27699-PD/B.15